Konflikt und Ausgleich: Möglichkeiten der Aushandlung in Residenzstädten der Vormoderne

Titel: Konflikt und Ausgleich: Möglichkeiten der Aushandlung in Residenzstädten der Vormoderne : Kiel, 14. September 2016 / Mirja Piorr, Johanna Rödger
Verfasser: ;
In: Akademie der Wissenschaften in Göttingen. Residenzen-Kommission: Mitteilungen der Residenzen-Kommission der Akademie der Wissenschaften zu Göttingen, Band 5 (2016), Seite 157-159
alle Artikel anzeigen
Veröffentlicht: 2016
Format: Aufsatz
Sprache: Deutsch
Schlagworte:
Kein Bild verfügbar
X
alg: 46971764
001A    $03025:22-09-20 
001B    $01999:22-09-20 $t22:36:38.000 
001D    $03025:22-09-20 
001U    $0utf8 
001X    $00 
002@    $0Oou 
002C    $aText $btxt $2rdacontent 
002D    $aComputermedien $bc $2rdamedia 
002E    $aOnline-Ressource $bcr $2rdacarrier 
003@    $0469717645 
007A    $0469717645 $aHEB 
009Q    $uhttp://hdl.handle.net/11858/00-001S-0000-002C-DBB1-3 $xH 
010@    $ager 
010E    $erda 
011@    $a2016 
021A    $aKonflikt und Ausgleich: Möglichkeiten der Aushandlung in Residenzstädten der Vormoderne $dKiel, 14. September 2016 $hMirja Piorr, Johanna Rödger 
028A    $BVerfasser $4aut $8Piorr, Mirja [Tp3] $946971753X 
028C    $BVerfasser $4aut $8Rödger, Johanna [Tp3] $9469717548 
031A    $d5 $h157-159 $j2016 
037A    $aErstveröffentlichung auf H-Soz-Kult 
039B    $aEnthalten in $8--Obvc--Akademie der Wissenschaften in Göttingen$bResidenzen-Kommission [Tb1]. Mitteilungen der Residenzen-Kommission der Akademie der Wissenschaften zu Göttingen. - Kiel : Arbeitsstelle, 1991-. - Online-Ressource $x201600000050000843 $9120817659 
044K    $RStadt $74177837-6 $8Residenzstadt [Ts1] $9085840610 
044K    $#Konflikt $#Konflikt $#Conflict $#Konflikte $74032081-9 $8Konflikt [Ts1] $9085085464 
044K    $RMacht $RTerritorium $#Power (Social sciences) $#Pouvoir (sciences sociales) $#Herrschaft $#Politische Herrschaft $#Oberherrschaft $#Oberhoheit $#Herrschaftsbildung $#Herrlichkeit Herrschaft $#Unterherrschaft $#Unterherrlichkeit $74024596-2 $8Herrschaft [Ts1] $9085061042 
044K    $#economics $#Economics $#Wirtschaft $#Ökonomie $#Wirtschaftsleben $#Ökonomie Wirtschaft $74066399-1 $8Wirtschaft [Tsz] $9085186635 
044K    $#Trials $#Procès $#Rechtsstreit $#Rechtsstreitigkeit $74139832-4 $8Rechtsstreit [Ts1] $9085533947 
044K    $RKongress $#Tagungsbericht $#Kongressschrift $74196709-4 $8Kongressbericht [Ts1] $9085988111 
045F    $a909 $eDDC23BSB 
045F/01 $a909 
045F/03 $f0902 
045F/03 $f0903 
045F/03 $g4 
045R    $aGeschichte 1300-1800 
045R/01 $aGeschichte 2016 

lok: 46971764 78

exp: 46971764 78 1 #EPN
201B/01 $022-09-20 $t08:53:23.000 
201C/01 $022-09-20 
201U/01 $0utf8 
203@/01 $0112362688X 
208@/01 $a22-09-20 $be 
209A/01 $a/ $f000 $x00 
209A/01 $ab*p $x01 
209A/01 $aBetr. auch Böhmen $x03 
220C/01 $apgar 
244Z/01 $#Böhmische Kronländer $#Länder der Böhmischen Krone $#Sudetenland $#Böhmen $#Mähren $#Mährisch-Schlesien $#Österreichisch-Schlesien $#Tschechische Sozialistische Republik Böhmische Länder $#Tschechei Böhmische Länder $#Země koruny české $74069573-6 $8--Tg1--Böhmische Länder $x01 $9085195553 
247C/01 $82080>Marburg/Lahn, Herder-Institut, Forschungsbibliothek, Bibliographieportal $9336309341
LEADER 00000caa a2200000 c 4500
001 469717645
003 DE-603
005 20200922223638.0
007 cr||||||||||||
008 200922s2016 xx |||| o| u00||u|ger c
035 |a (DE-599)HEB469717645 
040 |a DE-603  |b ger  |c DE-603  |d DE-603  |e rda 
041 |a ger 
082 0 4 |8 1\u  |a 909  |q DE-101  |2 23/BSB 
085 |8 1\u  |b 909 
085 |8 1\u  |z 1  |s 0902 
085 |8 1\u  |z 1  |s 0903 
085 |8 1\u  |z 2  |s 4 
100 1 |a Piorr, Mirja  |e Verfasser  |4 aut  |0 (DE-603)46971753X  |0 (DE-588)1218085754  |2 gnd 
245 0 0 |a Konflikt und Ausgleich: Möglichkeiten der Aushandlung in Residenzstädten der Vormoderne  |b Kiel, 14. September 2016  |c Mirja Piorr, Johanna Rödger 
264 0 |c 2016 
336 |a Text  |b txt  |2 rdacontent 
337 |a Computermedien  |b c  |2 rdamedia 
338 |a Online-Ressource  |b cr  |2 rdacarrier 
500 |a Erstveröffentlichung auf H-Soz-Kult 
648 7 |a Geschichte 1300-1800  |2 gnd 
648 7 |a Geschichte 2016  |2 gnd 
650 7 |a Residenzstadt  |0 (DE-588)4177837-6  |0 (DE-603)085840610  |2 gnd 
650 7 |a Konflikt  |0 (DE-588)4032081-9  |0 (DE-603)085085464  |2 gnd 
650 7 |a Herrschaft  |0 (DE-588)4024596-2  |0 (DE-603)085061042  |2 gnd 
650 7 |a Wirtschaft  |0 (DE-588)4066399-1  |0 (DE-603)085186635  |2 gnd 
650 7 |a Rechtsstreit  |0 (DE-588)4139832-4  |0 (DE-603)085533947  |2 gnd 
650 7 |a Kongressbericht  |0 (DE-588)4196709-4  |0 (DE-603)085988111  |2 gnd 
700 1 |a Rödger, Johanna  |e Verfasser  |4 aut  |0 (DE-603)469717548  |0 (DE-588)121808586X  |2 gnd 
773 0 8 |i Enthalten in  |a Akademie der Wissenschaften in Göttingen. Residenzen-Kommission  |t Mitteilungen der Residenzen-Kommission der Akademie der Wissenschaften zu Göttingen  |d Kiel : Arbeitsstelle, 1991-  |h Online-Ressource  |g Band 5 (2016), Seite 157-159  |w (DE-603)120817659  |w (DE-600)2143791-9 
856 |u http://hdl.handle.net/11858/00-001S-0000-002C-DBB1-3  |x Verlag 
924 1 |9 2080  |a (DE-603)112362688X  |b DE-2080  |c HES  |d d  |g /